000 00529nam a2200181Ia 4500
008 151018s9999 xx 000 0 und d
082 _bRBASDV5253
_a891.2
100 _aवा शि आपटे
245 _aकुसुममाला
250 _b2
260 _bशिराळकर आणि कं .
_c1946
300 _a168
600 _aवा शि आपटे
630 _aकुसुममाला
700 _aवा शि आपटे
730 _aकुसुममाला
942 _cBOOK
999 _c1007636
_d1007633